| 000 | 01338nam a22004810a 4500 | ||
|---|---|---|---|
| 001 | UByD000256 | ||
| 003 | AR-LpoUNG | ||
| 005 | 20240215173740.0 | ||
| 008 | 220326s2020||||ag |||||||||||||||||spa d | ||
| 020 | _a9789876304689 | ||
| 040 |
_aAR-LpoUNG _bspa _eaacr |
||
| 044 | _aag | ||
| 082 | 0 | _a982.063 266joh | |
| 100 | 1 |
_aGaude, Cristian Leonardo _ecomp. |
|
| 245 | 1 | 0 |
_aJohn William Cooke : _becos de un pensamiento |
| 250 | _a1ra. ed. | ||
| 260 |
_aBuenos Aires : _bUniversidad Nacional de General Sarmiento, _c2020. |
||
| 300 | _a182 p. | ||
| 490 | 0 |
_aPolítica, políticas y sociedad ; _vno. 38 |
|
| 650 | 4 | _aANALISIS HISTORICO | |
| 650 | 4 | _aARGENTINA | |
| 650 | 4 | _aBIOGRAFIAS | |
| 650 | 4 | _aHISTORIA POLITICA | |
| 650 | 4 | _aIDEOLOGIAS POLITICAS | |
| 650 | 4 | _aPARTIDOS POLITICOS | |
| 650 | 4 | _aASPECTOS POLITICOS | |
| 653 | 1 | _aCOOKE, JOHN WILLIAM | |
| 653 | 1 | _aPERON, JUAN DOMINGO | |
| 653 | 1 | _aPERONISMO | |
| 700 | 1 | _aGonzález, Horacio | |
| 700 | 1 | _aBraschetti, Roberto | |
| 700 | 1 | _aBouilly, Felipe | |
| 700 | 1 | _aGaude, Cristian Leonardo | |
| 700 | 1 | _aGiani, Juan | |
| 700 | 1 | _aKorn, Guillermo | |
| 700 | 1 | _aMazzeo, Miguel | |
| 700 | 1 | _aMelon, Julio César | |
| 700 | 1 | _aPulfer, Darío | |
| 700 | 1 | _aRecalde, Aritz | |
| 700 | 1 | _aSorín, Daniel | |
| 905 | _a58637 | ||
| 942 |
_cLIB _2ddc |
||
| 999 |
_c62979 _d62979 |
||